000 00564nam a2200193Ia 4500
999 _c31786
_d31786
003 OSt
005 20200806104726.0
008 190216s9999||||xx |||||||||||||| ||und||
020 _a9780071181518
040 _coclc
082 _a515.2433
_bBRO/F
100 _aBrown, James Ward
_93838
245 0 _aFourier Series And Boundary Value Problems /
_c James Ward Brown
250 _a6th Ed.
260 _bMcgraw -hill,
_c2001.
_aSingapore:
300 _a344p
650 _aMathematics
942 _cBK
_2ddc
_h515.2433
_iBRO/F
_k515.2433
_mBRO/F